000 00777nam a22001937a 4500
003 OSt
005 20250826032823.0
008 250826b |||||||| |||| 00| 0 eng d
020 _a 9780838912263
040 _cOC
100 _aSCHMIDT, AARON
245 _aUseful, usable, desirable :
_b applying user experience deign to your library /
250 _aFirst edition
260 _aChicago :
_b American Library Association,
_cc2014.
300 _a viii, 167 pages :
_b illustrations ;
_c23 cm.
504 _aIncludes bibliographical references
650 _2Library adminstration. 2. Public services (Libraries). 3. Information services--Management. 4. User-centered system design. 5. Library planning. I. Etches, Amanda, 1975- I. Title.
942 _2ddc
_cBK-0 CIRC
_n0
999 _c4253
_d4253